[Event "ITA-ch C"]
[Site "Civitanova Marche"]
[Date "2012.07.17"]
[Round "3"]
[White "De Fazio, Giovanni"]
[Black "Bruglia, Orlando"]
[Result "0-1"]
[WhiteElo "1756"]
[BlackElo "1933"]
[PlyCount "188"]
[EventDate "2012.07.15"]
[EventType "swiss"]
[EventRounds "8"]
[EventCountry "ITA"]
[SourceTitle "EXT 2023"]
[Source "ChessBase"]
[SourceDate "2022.10.05"]
[SourceVersion "1"]
[SourceVersionDate "2022.10.05"]
[SourceQuality "1"]

1. e4 e6 2. d4 d5 3. exd5 exd5 4. Nf3 Bd6 5. c4 c6 6. Nc3 Ne7 7. Be2 h6 8. 0-0 0-0 9. Re1 Nd7 10. cxd5 Nxd5 11. Nxd5 cxd5 12. Qb3 Nf6 13. h3 Rb8 14. Be3 Bf5 15. Ne5 Re8 16. Rac1 Be4 17. Rc3 Qe7 18. a3 a6 19. Bf4 Rbc8 20. Rg3 Bc2 21. Qe3 Ne4 22. Rf3 Qd8 23. Nxf7 Kxf7 24. Bxd6+ Kg8 25. Be5 Qb6 26. Qf4 Re7 27. b4 a5 28. Rc1 Ng5 29. Rg3 Rf8 30. Qe3 Bh7 31. h4 Ne4 32. bxa5 Qxa5 33. Rf3 Rfe8 34. Bd3 Qb6 35. Rb1 Qa5 36. Rf4 Qd8 37. f3 Nd6 38. Bxh7+ Kxh7 39. Qd3+ Kg8 40. Rg4 Rf7 41. Qd2 Re6 42. h5 Nc4 43. Qc1 Qa5 44. Rg6 Ree7 45. Qxh6 Nxe5 46. dxe5 Rxe5 47. Qc1 Rc7 48. Qf4 Rxh5 49. Qe3 Qa4 50. Re6 Qc2 51. Re1 Qc5 52. Rb1 d4 53. Re8+ Kh7 54. Qd3+ Qf5 55. Rd1 Qxd3 56. Rxd3 Rd5 57. Re4 Rc4 58. Kf2 Kg6 59. g4 Kf6 60. Kg3 g5 61. f4 Rc3 62. fxg5+ Kxg5 63. Ree3 Rc1 64. Rf3 Rg1+ 65. Kf2 Rxg4 66. Ke2 Rb5 67. Kd2 Rb1 68. Kc2 Ra1 69. Kb2 Rag1 70. Kb3 Rc1 71. Rf7 Kg6 72. Rff3 Re4 73. Kb2 Rce1 74. Kc2 Kg5 75. Kb3 Kg4 76. Rg3+ Kf4 77. Rh3 R1e3 78. Kc4 Rxd3 79. Rxd3 Ke5 80. a4 Re1 81. Kb5 Ke4 82. Rh3 Re3 83. Rh4+ Kd3 84. Kb6 Re7 85. Kc5 Rd7 86. a5 Kc3 87. Kb6 d3 88. Rh3 Kc2 89. Rh4 d2 90. Rc4+ Kd3 91. Rc7 Rd6+ 92. Kxb7 d1Q 93. a6 Qb3+ 94. Ka7 Qb6+ 0-1

[Event "Napoli Vomero Spring 7th"]
[Site "Napoli"]
[Date "2010.04.01"]
[Round "3"]
[White "Accardo, Francesco"]
[Black "De Fazio, Giovanni"]
[Result "0-1"]
[WhiteElo "1872"]
[BlackElo "1762"]
[PlyCount "68"]
[EventDate "2010.03.18"]
[EventType "swiss"]
[EventRounds "6"]
[EventCountry "ITA"]
[SourceTitle "EXT 2024"]
[Source "ChessBase"]
[SourceDate "2023.10.10"]
[SourceVersion "1"]
[SourceVersionDate "2023.10.10"]
[SourceQuality "1"]

1. g4 d5 2. Bg2 c6 3. h3 e5 4. a4 h5 5. d4 Nd7 6. g5 Bd6 7. Nf3 Ne7 8. c4 e4 9. Nfd2 Nf5 10. h4 e3 11. Nf3 exf2+ 12. Kxf2 Bg3+ 13. Kg1 Nb6 14. b3 Qe7 15. Qd3 Bc7 16. a5 dxc4 17. bxc4 Ng3 18. axb6 Nxe2+ 19. Qxe2 Qxe2 20. bxc7 0-0 21. Bf4 Qb2 22. Ra5 Qxb1+ 23. Kh2 Qb4 24. Rc5 Re8 25. Ne5 Qb2 26. g6 fxg6 27. Nxg6 Bg4 28. Be5 Qc2 29. Nf4 Qf2 30. Rf1 Qxh4+ 31. Kg1 Qg3 32. Rf2 Qe3 33. Ng6 a5 34. d5 Qxc5 0-1

[Event "Napoli Vomero Primavera op 6th"]
[Site "Napoli"]
[Date "2009.04.23"]
[Round "7"]
[White "Esposito, Rosario"]
[Black "De Fazio, Giovanni"]
[Result "1/2-1/2"]
[WhiteElo "1867"]
[BlackElo "1812"]
[PlyCount "81"]
[EventDate "2009.03.12"]
[EventType "swiss"]
[EventRounds "7"]
[EventCountry "ITA"]
[SourceTitle "EXT 2011"]
[Source "ChessBase"]
[SourceDate "2010.11.26"]
[SourceVersion "1"]
[SourceVersionDate "2010.11.26"]
[SourceQuality "1"]

1. d4 d5 2. c4 dxc4 3. e4 Nc6 4. Nf3 Bg4 5. Bxc4 e6 6. d5 Na5 7. Qa4+ c6 8. dxe6 fxe6 9. Be2 Bxf3 10. Bxf3 b5 11. Qc2 Bb4+ 12. Bd2 Bxd2+ 13. Nxd2 Qd4 14. 0-0 Ne7 15. Nb3 Qb6 16. Qc3 Nxb3 17. Qxb3 c5 18. Rfd1 c4 19. Qb4 a5 20. Qd6 Qxd6 21. Rxd6 Kf7 22. Rad1 e5 23. Bg4 Rhb8 24. Be6+ Kf8 25. Rd7 g6 26. f3 Ra6 27. Bh3 b4 28. Rc7 Rc6 29. Rxc6 Nxc6 30. Be6 c3 31. bxc3 bxc3 32. Rc1 c2 33. Bb3 Nd4 34. Kf2 Nxb3 35. axb3 Rxb3 36. Rxc2 Kf7 37. Ra2 Rb5 38. Ke3 Kf6 39. Kd3 Kg5 40. Kc4 Rb4+ 41. Kc5 1/2-1/2

[Event "Napoli Natale al Vomero 2nd"]
[Site "Napoli"]
[Date "2005.11.24"]
[Round "4"]
[White "De Fazio, Giovanni"]
[Black "Della Ragione, Achille"]
[Result "1/2-1/2"]
[WhiteElo "1637"]
[BlackElo "2085"]
[PlyCount "104"]
[EventDate "2005.11.03"]
[EventType "swiss"]
[EventRounds "6"]
[EventCountry "ITA"]
[SourceTitle "EXT 2018"]
[Source "ChessBase"]
[SourceDate "2017.10.13"]
[SourceVersion "1"]
[SourceVersionDate "2017.10.13"]
[SourceQuality "1"]

1. e4 d5 2. exd5 Nf6 3. c4 c6 4. Qa4 Qd7 5. Nc3 cxd5 6. Qxd7+ Nbxd7 7. Nxd5 Nxd5 8. cxd5 Nb6 9. Bb5+ Bd7 10. Bxd7+ Kxd7 11. Ne2 Nxd5 12. 0-0 e6 13. a3 Kc7 14. Nc3 Nf6 15. d4 Rd8 16. Rd1 Kc6 17. Be3 Nd5 18. Rac1 Nxc3 19. Rxc3+ Kd7 20. Rdc1 Bd6 21. Kf1 b6 22. Ke2 Rc8 23. Rxc8 Rxc8 24. Rxc8 Kxc8 25. g3 Kb7 26. Kd3 Kc6 27. b4 Kd5 28. f4 Be7 29. Bd2 Bf6 30. Be3 h6 31. h4 Be7 32. Bd2 Bd6 33. Be1 f6 34. Bf2 b5 35. h5 Bc7 36. Be3 a5 37. Bf2 axb4 38. axb4 Bd6 39. Be1 e5 40. dxe5 fxe5 41. Bc3 exf4 42. gxf4 Bxf4 43. Bxg7 Bg5 44. Bf8 Ke5 45. Bg7+ Kd5 46. Bf8 Bf4 47. Bg7 Bc1 48. Bf8 Ke5 49. Bc5 Kf5 50. Bf8 Kg5 51. Kd4 Kxh5 52. Kc5 Kg6 1/2-1/2